高等学校学習指導要領の展開 = Development of high school curriculum guidelines
সংরক্ষণ করুন:
| বিন্যাস: | গ্রন্থ |
|---|---|
| ভাষা: | Undetermined |
| প্রকাশিত: |
Japan
藤 原 政 雄
1978
|
| বিষয়গুলি: | |
| ট্যাগগুলো: |
ট্যাগ যুক্ত করুন
কোনো ট্যাগ নেই, প্রথমজন হিসাবে ট্যাগ করুন!
|
| Thư viện lưu trữ: | Trung tâm Học liệu Trường Đại học Cần Thơ |
|---|
| LEADER | 00594nam a2200193Ia 4500 | ||
|---|---|---|---|
| 001 | CTU_239695 | ||
| 008 | 210402s9999 xx 000 0 und d | ||
| 082 | |a 370.952 | ||
| 082 | |b D489 | ||
| 245 | 0 | |a 高等学校学習指導要領の展開 = | |
| 245 | 0 | |b Development of high school curriculum guidelines | |
| 245 | 0 | |c Akio Kuwahara (昭雄桑原) ... [et al.] | |
| 260 | |a Japan | ||
| 260 | |b 藤 原 政 雄 | ||
| 260 | |c 1978 | ||
| 650 | |a Giáo dục,Education | ||
| 650 | |z Nhật Bản,Japan | ||
| 910 | |a Tuyến | ||
| 980 | |a Trung tâm Học liệu Trường Đại học Cần Thơ | ||